Bioterror : (Record no. 14458)

000 -LEADER
fixed length control field 01956cam a22004454a 4500
001 - CONTROL NUMBER
control field 15291380
005 - DATE AND TIME OF LATEST TRANSACTION
control field 20170105102855.0
008 - FIXED-LENGTH DATA ELEMENTS--GENERAL INFORMATION
fixed length control field 080502s2008 ctua b 001 0 eng
010 ## - LIBRARY OF CONGRESS CONTROL NUMBER
LC control number 2008020105
015 ## - NATIONAL BIBLIOGRAPHY NUMBER
National bibliography number GBA882547
Source bnb
016 7# - NATIONAL BIBLIOGRAPHIC AGENCY CONTROL NUMBER
Record control number 101472943
Source DNLM
016 7# - NATIONAL BIBLIOGRAPHIC AGENCY CONTROL NUMBER
Record control number 014656237
Source Uk
020 ## - INTERNATIONAL STANDARD BOOK NUMBER
International Standard Book Number 9780275993269 (alk. paper)
020 ## - INTERNATIONAL STANDARD BOOK NUMBER
International Standard Book Number 0275993264 (alk. paper)
035 ## - SYSTEM CONTROL NUMBER
System control number (OCoLC)226357714
035 ## - SYSTEM CONTROL NUMBER
System control number (OCoLC)ocn226357714
040 ## - CATALOGING SOURCE
Original cataloging agency DNLM/DLC
Transcribing agency DLC
Modifying agency NLM
-- BTCTA
-- BAKER
-- UKM
-- OCLCG
-- YDXCP
-- C#P
-- BWX
-- CDX
-- DLC
042 ## - AUTHENTICATION CODE
Authentication code pcc
043 ## - GEOGRAPHIC AREA CODE
Geographic area code n-us---
050 00 - LIBRARY OF CONGRESS CALL NUMBER
Classification number HV6433.35
Item number .J64 2008
060 10 - NATIONAL LIBRARY OF MEDICINE CALL NUMBER
Classification number WA 295
Item number J73b 2008
082 00 - DEWEY DECIMAL CLASSIFICATION NUMBER
Classification number 363.325/30973
Edition number 22
100 1# - MAIN ENTRY--PERSONAL NAME
Personal name Johnstone, R. William,
Dates associated with a name 1953-
245 10 - TITLE STATEMENT
Title Bioterror :
Remainder of title anthrax, influenza, and the future of public health security /
Statement of responsibility, etc. R. William Johnstone.
260 ## - PUBLICATION, DISTRIBUTION, ETC.
Place of publication, distribution, etc. Westport, Conn. :
Name of publisher, distributor, etc. Praeger Security International,
Date of publication, distribution, etc. 2008.
300 ## - PHYSICAL DESCRIPTION
Extent xi, 219 p. :
Other physical details ill. ;
Dimensions 25 cm.
504 ## - BIBLIOGRAPHY, ETC. NOTE
Bibliography, etc. note Includes bibliographical references (p. [177]-210) and index.
505 0# - FORMATTED CONTENTS NOTE
Formatted contents note The anthrax attacks of September/October 2001 -- Threats and risks -- The pre-9/01 public health system -- Response to the anthrax attacks: criminal investigation -- The public health response to the anthrax attacks -- Public policy response to bioterrorism, SARS and avian flu -- Current status of public health security.
650 #0 - SUBJECT ADDED ENTRY--TOPICAL TERM
Topical term or geographic name entry element Bioterrorism
Geographic subdivision United States.
650 #0 - SUBJECT ADDED ENTRY--TOPICAL TERM
Topical term or geographic name entry element Anthrax
Geographic subdivision United States.
650 12 - SUBJECT ADDED ENTRY--TOPICAL TERM
Topical term or geographic name entry element Bioterrorism
Geographic subdivision United States.
650 22 - SUBJECT ADDED ENTRY--TOPICAL TERM
Topical term or geographic name entry element Anthrax
Geographic subdivision United States.
650 22 - SUBJECT ADDED ENTRY--TOPICAL TERM
Topical term or geographic name entry element Disease Outbreaks
Geographic subdivision United States.
650 22 - SUBJECT ADDED ENTRY--TOPICAL TERM
Topical term or geographic name entry element Public Health Administration
Geographic subdivision United States.
650 22 - SUBJECT ADDED ENTRY--TOPICAL TERM
Topical term or geographic name entry element Public Policy
Geographic subdivision United States.
856 41 - ELECTRONIC LOCATION AND ACCESS
Materials specified Table of contents only
Uniform Resource Identifier <a href="http://www.loc.gov/catdir/toc/ecip0817/2008020105.html">http://www.loc.gov/catdir/toc/ecip0817/2008020105.html</a>
906 ## - LOCAL DATA ELEMENT F, LDF (RLIN)
a 7
b cbc
c orignew
d 1
e ecip
f 20
g y-gencatlg
942 ## - ADDED ENTRY ELEMENTS (KOHA)
Source of classification or shelving scheme
Koha item type Book
Holdings
Withdrawn status Lost status Damaged status Not for loan Collection code Permanent Location Current Location Shelving location Date acquired Total Checkouts Full call number Barcode Date last seen Price effective from Koha item type
          Centre for International Peace & Stability (CIPS) Centre for International Peace & Stability (CIPS) General Stacks 08/05/2013   363.32530973 JOH 2009 CIPS0000506 09/02/2013 09/02/2013 Book
© 2023 Central Library, National University of Sciences and Technology. All Rights Reserved.